000
00292nam a2200109Ia 4500
008
190914s9999||||xx |||||||||||||| ||und||
100
_a
Hyrum W.Smith
245
4
_a
The 10 Natural laws of Successful time and life Management
260
_a
USA
_b
Time Warner
_c
2012
300
_a
254
942
_c
BK
999
_c
9130
_d
9130